000
00225 a2200109 4500
001
155259
040
_c
Escola São Tomás de Aquino
240
1
0
_a
Big Bang
_l
por
245
1
0
_a
Big Bang
697
_a
GENERALIDADES
942
_c
BK
999
_c
155259
_d
155259